3404-岡山市(岡山県)の駅 - Statistics

General Stats
  • This quiz has been taken 50 times
  • The average score is 30 of 49
Answer Stats
Answer % Correct
岡山
100%
東岡山
96%
北長瀬
91%
庭瀬
89%
西川原
87%
法界院
85%
備前西市
80%
岡山駅前
80%
大元
78%
妹尾
78%
西大寺
78%
高島
76%
万富
74%
瀬戸
74%
上道
72%
備中箕島
72%
清輝橋
70%
建部
67%
福渡
67%
備前一宮
67%
備中高松
67%
備前三門
65%
吉備津
65%
大多羅
63%
金川
63%
植松
61%
大安寺
61%
西川緑道公園
61%
彦崎
59%
足守
59%
柳川
59%
城下
59%
玉柏
57%
備前原
52%
牧山
52%
野々口
50%
備前片岡
48%
県庁通り
48%
門田屋敷
48%
中納言
46%
迫川
43%
郵便局前
43%
田町
39%
大雲寺前
39%
小橋
35%
新西大寺町筋
35%
西大寺町・岡山芸術創造劇場ハレノワ前
30%
東中央町
30%
東山・おかでんミュージアム駅
28%
No matching quizzes found
Score Distribution
Percent of People with Each Score
Percentile by Number Answered
Your Score History
You have not taken this quiz